| 000 | 01023nam a2200241 a 4500 | ||
|---|---|---|---|
| 001 | BRCA_1249 | ||
| 005 | 20190320203340.0 | ||
| 008 | 940728s1994 be-a---##b---#001-0#eng-d | ||
| 020 | _a0810935775 | ||
| 041 |
_aeng _hdut |
||
| 050 | 4 |
_aNB633 _b.S74 1994 |
|
| 100 | 1 |
_aSteyaert, John William _94116 |
|
| 245 | 1 | 0 |
_aLate Gothic Sculpture _bthe Burgundian Netherlands _cJohn W. Steyaert with the collaboration of Monique Tahon-Vanroose and contributions by Wim Blockmans and Leon Smets ; translations by Ted Alkins. |
| 260 |
_aGhent, Belgium _bLudion Press _c1994 |
||
| 300 |
_a352 p. _bil. (algunas a color) _c31 cm. |
||
| 500 | _aCatálogo de la exposición realizada en Meesterwerken van de Gotische Beeldhouwkunst, 18 septiembre - 27 noviembre, 1994 | ||
| 500 | _aIncluye índice alfabético | ||
| 504 | _aBibliografía: p. 344-348 | ||
| 650 | 1 | 4 |
_aEscultura holandesa _vExposiciones _94117 |
| 650 | 1 | 4 |
_aEscultura gótica _vExposiciones _zNetherlands _94118 |
| 700 | 1 |
_aTahon-Vanroose, Monique _94119 |
|
| 942 |
_2lcc _cB |
||
| 999 |
_c1119 _d1119 |
||